Crazier - Taylor Swift (All Lyrics) - Statistics

General Stats
  • This quiz has been taken 31 times
  • The average score is 189 of 218
Answer Stats
Lyrics % Correct
a
100%
and
100%
And
100%
go
100%
gone
100%
I
100%
I'd
100%
me
100%
never
100%
the
100%
to
100%
wind,
100%
with
100%
around
94%
crazier,
94%
crazier
94%
Crazier,
94%
feet
94%
ground
94%
it
94%
lift
94%
make
94%
Make
94%
my
94%
of
94%
spin
94%
where
94%
you
94%
You
94%
am
89%
but
89%
But
89%
came
89%
couldn't
89%
eyes
89%
fallin'
89%
feel
89%
Feels
89%
I'm
89%
in
89%
just
89%
let
89%
Let
89%
like
89%
lost
89%
off
89%
open
89%
see
89%
take
89%
wants
89%
was
89%
your
89%
along
83%
before
83%
changed
83%
door,
83%
Every
83%
everything
83%
find
83%
fly
83%
seen
83%
tryin'
83%
I've
78%
more
78%
wings
78%
flow
72%
made
72%
much
72%
so
72%
that
72%
as
67%
believe
67%
opened
67%
'Til
67%
what
67%
don't
61%
for
61%
how
61%
is
61%
own
61%
real
61%
showed
61%
there's
61%
wanna
61%
would
61%
anymore
56%
hide
56%
know
56%
livin'
56%
oh
56%
Oh
56%
sky
56%
blue
50%
kind
50%
wanted
50%
watched
50%
distance
44%
life
44%
somethin'
44%
Baby,
39%
from
39%
No matching quizzes found
Score Distribution
Percent of People with Each Score
Percentile by Number Answered
Your Score History
You have not taken this quiz